00693nam a2200229Ia 4500003000400000005001700004008004000021020001500061040000700076041000800083082001300091100002600104245004200130250000600172260006700178300001200245690003200257906001100289942001200300999001900312952013200331OSt20250707112518.0210210b2003 xxu||||| |||| 00| 0 eng d a8122413846 cAL aeng a546 DEAT aAnil Kumar De9210949 aText book of inorganic chemistry Ed 9 a9 aNew DelhibNew Age International (P) Limited, Publishersc2003 aiv,899p aInorganic Chemistry9210957 a062365 2ddccBK c117400d117400 00102ddc40708CHEaALbALcSKd2021-02-17eKnowledge Worldg250.00l0o546 DEATp062365r2021-02-17 00:00:00w2021-02-17yBK